MARC details
| 000 -CABECERA |
| campo de control de longitud fija |
03474nam a22002777a 4500 |
| 008 - DATOS DE LONGITUD FIJA--INFORMACIÓN GENERAL |
| campo de control de longitud fija |
250328b |||||||| |||| 00| 0 eng d |
| 020 ## - NÚMERO INTERNACIONAL ESTÁNDAR DEL LIBRO |
| Número Internacional Estándar del Libro |
9781788176187 |
| 040 ## - FUENTE DE LA CATALOGACIÓN |
| Centro/agencia transcriptor |
tbs |
| 041 ## - CÓDIGO DE LENGUA |
| Código de lengua del texto/banda sonora o título independiente |
eng |
| 050 ## - SIGNATURA TOPOGRÁFICA DE LA BIBLIOTECA DEL CONGRESO |
| Número de clasificación |
BF637.S4 |
| Número de documento/Ítem |
R5758 2024 |
| 100 ## - ENTRADA PRINCIPAL--NOMBRE DE PERSONA |
| Nombre de persona |
Robbins, Mel |
| Fechas asociadas al nombre |
1968- |
| 9 (RLIN) |
25085 |
| Término indicativo de función/relación |
author |
| 245 ## - MENCIÓN DE TÍTULO |
| Título |
The let them theory |
| Resto del título |
: a life-changing tool that millions of people can't stop talking about |
| Mención de responsabilidad, etc. |
/ Mel Robbins. |
| 250 ## - MENCIÓN DE EDICIÓN |
| Mención de edición |
First edition. |
| 260 ## - PUBLICACIÓN, DISTRIBUCIÓN, ETC. |
| Lugar de publicación, distribución, etc. |
Carlsbad, CA: |
| Nombre del editor, distribuidor, etc. |
Hay House LLC, |
| Fecha de publicación, distribución, etc. |
2024. |
| 300 ## - DESCRIPCIÓN FÍSICA |
| Extensión |
325 pages : |
| Otras características físicas |
illustrations ; |
| Dimensiones |
24 cm. |
| 505 ## - NOTA DE CONTENIDO CON FORMATO |
| Nota de contenido con formato |
Introduction: My story — The let them theory — You and the let them theory. Managing stress ; Fearing other people's opinions ; Dealing with someone else's emotional reactions ; Overcoming chronic comparison — Your relationships and the let them theory. Mastering adult friendship ; Motivating other people to change ; Helping someone who is struggling ; Choosing the love you deserve — Conclusion: Your let me era is here — Appendix. |
| 520 ## - SUMARIO, ETC. |
| Sumario, etc. |
What if the key to happiness, success, and love was as simple as two words? If you've ever felt stuck, overwhelmed, or frustrated with where you are, the problem isn't you. The problem is the power you give to other people. Two simple words “Let Them” will set you free.<br/><br/>Free from the opinions, drama, and judgments of others. Free from the exhausting cycle of trying to manage everything and everyone around you. The Let Them Theory puts the power to create a life you love back in your hands and this book will show you exactly how to do it.<br/><br/>In her latest groundbreaking book, The Let Them Theory, Mel Robbins, New York Times bestselling author, and one of the world's most respected experts on motivation, confidence, and mindset teaches you how to stop wasting energy on what you can't control and start focusing on what truly matters: YOU. Your happiness. Your goals.<br/><br/>Your life. Using the same no-nonsense, science-backed approach that's made The Mel Robbins Podcast a global sensation, Robbins explains why The Let Them Theory is already loved by millions and how you can apply it in eight key areas of your life to make the biggest impact. Within a few pages, you'll realize how much energy and time you've been wasting trying to control the wrong things at work, in relationships, and in pursuing your goals and how this is keeping you from the happiness and success you deserve.<br/><br/>Written as an easy-to-understand guide, Robbins shares relatable stories from her own life, highlights key takeaways, relevant research and introduces you to world-renowned experts in psychology, neuroscience, relationships, happiness, and ancient wisdom who champion The Let Them Theory every step of the way. Learn how to: · Stop wasting energy on things you can't control · Stop comparing yourself to other people · Break free from fear and self-doubt · Release the grip of people's expectations· Build the best friendships of your life · Create the love you deserve· Pursue what truly matters to you with confidence· Build resilience against everyday stressors and distractions · Define your own path to success, joy, and fulfillment... |
| 650 #0 - PUNTO DE ACCESO ADICIONAL DE MATERIA--TÉRMINO DE MATERIA |
| Término de materia o nombre geográfico como elemento de entrada |
Self-actualization (Psychology) |
| 9 (RLIN) |
7023 |
| 650 #0 - PUNTO DE ACCESO ADICIONAL DE MATERIA--TÉRMINO DE MATERIA |
| Término de materia o nombre geográfico como elemento de entrada |
Choice (Psychology) |
| 9 (RLIN) |
11127 |
| 650 #0 - PUNTO DE ACCESO ADICIONAL DE MATERIA--TÉRMINO DE MATERIA |
| Término de materia o nombre geográfico como elemento de entrada |
Control (Psychology) |
| 9 (RLIN) |
9370 |
| 650 #0 - PUNTO DE ACCESO ADICIONAL DE MATERIA--TÉRMINO DE MATERIA |
| Término de materia o nombre geográfico como elemento de entrada |
Self-management (Psychology) |
| 9 (RLIN) |
10752 |
| 650 #0 - PUNTO DE ACCESO ADICIONAL DE MATERIA--TÉRMINO DE MATERIA |
| Término de materia o nombre geográfico como elemento de entrada |
Conduct of life |
| 9 (RLIN) |
10708 |
| 650 #0 - PUNTO DE ACCESO ADICIONAL DE MATERIA--TÉRMINO DE MATERIA |
| Término de materia o nombre geográfico como elemento de entrada |
Self-talk |
| 9 (RLIN) |
13865 |
| 650 #0 - PUNTO DE ACCESO ADICIONAL DE MATERIA--TÉRMINO DE MATERIA |
| Término de materia o nombre geográfico como elemento de entrada |
Success |
| 9 (RLIN) |
6204 |
| 942 ## - ELEMENTOS DE ENTRADA AGREGADA (KOHA) |
| Fuente del sistema de clasificación o colocación |
Clasificación de Library of Congress |